书目信息 |
| 题名: |
非线性系统流形计算方法与非线性信号处理
|
|
| 作者: | 贾蒙 著 | |
| 分册: | ||
| 出版信息: | 成都 电子科技大学出版社 2017.11 |
|
| 页数: | 147页 | |
| 开本: | 26cm | |
| 丛书名: | ||
| 单 册: | ||
| 中图分类: | TP271 | |
| 科图分类: | ||
| 主题词: | 非线性系统(自动化)--计算方法 , 非线性系统(自动化)--信号处理 | |
| 电子资源: | ||
| ISBN: | 978-7-5647-5296-5 | |
| 000 | 00926nam0 2200229 450 | |
| 001 | 4775 | |
| 005 | 20181013090541.56 | |
| 010 | @a978-7-5647-5296-5@dCNY38.00 | |
| 100 | @a20171120d2017 em y0chiy0110 ea | |
| 101 | 0 | @achi |
| 102 | @aCN@b510000 | |
| 105 | @ay z 000yy | |
| 200 | 1 | @a非线性系统流形计算方法与非线性信号处理@9fei xian xing xi tong liu xing ji suan fang fa yu fei xian xing xin hao chu li@f贾蒙著 |
| 210 | @a成都@c电子科技大学出版社@d2017.11 | |
| 215 | @a147页@d26cm | |
| 330 | @a《非线性系统流形计算方法与非线性信号处理》提出了一种基于自适应因子轨道延拓法的自治非线性系统流形计算方法,一种非自治非线性系统特殊轨迹的快速算法,一种广义Foliation约束条件的使用方法,一种深度优化粒子滤波方法创新性成果。 | |
| 606 | 0 | @a非线性系统(自动化)@x计算方法 |
| 606 | 0 | @a非线性系统(自动化)@x信号处理 |
| 690 | @aTP271@v5 | |
| 701 | 0 | @a贾蒙@9jia meng@4著 |
| 801 | 0 | @aCN@b91CIP@c20171120 |
| 905 | @aMuseLib@dTP271@e302 | |
| 非线性系统流形计算方法与非线性信号处理/贾蒙著.-成都:电子科技大学出版社,2017.11 |
| 147页;26cm |
| ISBN 978-7-5647-5296-5:CNY38.00 |
| 《非线性系统流形计算方法与非线性信号处理》提出了一种基于自适应因子轨道延拓法的自治非线性系统流形计算方法,一种非自治非线性系统特殊轨迹的快速算法,一种广义Foliation约束条件的使用方法,一种深度优化粒子滤波方法创新性成果。 |
| ● |
| 相关链接 |
|
|
|
|
正题名:非线性系统流形计算方法与非线性信号处理
索取号:TP271/302
 
预约/预借
| 序号 | 登录号 | 条形码 | 馆藏地/架位号 | 状态 | 备注 |
| 1 | 1126584 | 211265842 | 第二样本阅览室/ [索取号:TP271/302] | 在馆 | |
| 2 | 1126585 | 211265851 | 第三借阅区/ [索取号:TP271/302] | 在馆 | |
| 3 | 1126586 | 211265860 | 第三借阅区/ [索取号:TP271/302] | 在馆 | |
| 4 | 1126587 | 211265879 | 第三借阅区/ [索取号:TP271/302] | 在馆 | |
| 5 | 1126588 | 211265888 | 第三借阅区/ [索取号:TP271/302] | 在馆 |